|
|
|
|
| LEADER |
02607nam a2200541 4500 |
| 001 |
978-3-540-44604-0 |
| 003 |
DE-He213 |
| 005 |
20191027121557.0 |
| 007 |
cr nn 008mamaa |
| 008 |
121227s2002 gw | s |||| 0|eng d |
| 020 |
|
|
|a 9783540446040
|9 978-3-540-44604-0
|
| 024 |
7 |
|
|a 10.1007/3-540-44604-4
|2 doi
|
| 040 |
|
|
|d GrThAP
|
| 050 |
|
4 |
|a TP248.13-248.65
|
| 072 |
|
7 |
|a TCB
|2 bicssc
|
| 072 |
|
7 |
|a SCI010000
|2 bisacsh
|
| 072 |
|
7 |
|a TCB
|2 thema
|
| 082 |
0 |
4 |
|a 660.6
|2 23
|
| 245 |
1 |
0 |
|a History and Trends in Bioprocessing and Biotransformation
|h [electronic resource].
|
| 250 |
|
|
|a 1st ed. 2002.
|
| 264 |
|
1 |
|a Berlin, Heidelberg :
|b Springer Berlin Heidelberg :
|b Imprint: Springer,
|c 2002.
|
| 300 |
|
|
|a IX, 258 p.
|b online resource.
|
| 336 |
|
|
|a text
|b txt
|2 rdacontent
|
| 337 |
|
|
|a computer
|b c
|2 rdamedia
|
| 338 |
|
|
|a online resource
|b cr
|2 rdacarrier
|
| 347 |
|
|
|a text file
|b PDF
|2 rda
|
| 490 |
1 |
|
|a Advances in Biochemical Engineering/Biotechnology,
|x 0724-6145 ;
|v 75
|
| 505 |
0 |
|
|a History of Modern Genetics in Germany -- Biosynthesis of Triterpenoid Saponins in Plants -- Three-Phase Oxygen Absorption and its Effect on Fermentation -- Microbial Sensors on a Respiratory Basis for Wastewater Monitoring -- Reverse Micellar Extraction for Downstream Processing of Proteins/Enzymes -- Enzyme Catalysis in Reverse Micelles -- Perspectives in Liquid Membrane Extraction of Cephalosporin Antibiotics.
|
| 650 |
|
0 |
|a Biotechnology.
|
| 650 |
|
0 |
|a Microbiology.
|
| 650 |
|
0 |
|a Biochemistry.
|
| 650 |
|
0 |
|a Chemical engineering.
|
| 650 |
|
0 |
|a Organic chemistry.
|
| 650 |
1 |
4 |
|a Biotechnology.
|0 http://scigraph.springernature.com/things/product-market-codes/C12002
|
| 650 |
2 |
4 |
|a Microbiology.
|0 http://scigraph.springernature.com/things/product-market-codes/L23004
|
| 650 |
2 |
4 |
|a Biochemistry, general.
|0 http://scigraph.springernature.com/things/product-market-codes/L14005
|
| 650 |
2 |
4 |
|a Industrial Chemistry/Chemical Engineering.
|0 http://scigraph.springernature.com/things/product-market-codes/C27000
|
| 650 |
2 |
4 |
|a Organic Chemistry.
|0 http://scigraph.springernature.com/things/product-market-codes/C19007
|
| 710 |
2 |
|
|a SpringerLink (Online service)
|
| 773 |
0 |
|
|t Springer eBooks
|
| 776 |
0 |
8 |
|i Printed edition:
|z 9783642076169
|
| 776 |
0 |
8 |
|i Printed edition:
|z 9783540423713
|
| 776 |
0 |
8 |
|i Printed edition:
|z 9783662146132
|
| 830 |
|
0 |
|a Advances in Biochemical Engineering/Biotechnology,
|x 0724-6145 ;
|v 75
|
| 856 |
4 |
0 |
|u https://doi.org/10.1007/3-540-44604-4
|z Full Text via HEAL-Link
|
| 912 |
|
|
|a ZDB-2-CMS
|
| 912 |
|
|
|a ZDB-2-BAE
|
| 950 |
|
|
|a Chemistry and Materials Science (Springer-11644)
|